000 00601nam a2200241Ia 4500
003 OSt
005 20220924151042.0
006 a|||||r|||| 00| 0
007 ta
008 220923b |||||||| |||| 00| 0 kan d
020 _c110.00
024 _a335836
037 _cTextual
040 _aARTS
_cARTS
_bkan
041 _2kan
_akan
082 _aQ122:24, 33M8
100 _aRajan M.A.S.
_9223456
245 0 _aKathopanishad
_b Kannada avataranike
260 _c1988
650 _aRELIGION
942 _hQ122:24, 33M8
_cTEXL
_2CC
999 _c465365
_d465365